| 000 | 00456nam a2200193Ia 4500 | ||
|---|---|---|---|
| 008 | 210210b2011 xxu||||| |||| 00| 0 eng d | ||
| 020 | _a9788130918884 | ||
| 041 | _aeng | ||
| 082 | _a820.9 BLOT | ||
| 100 | _aBLOOM (Harold) Ed | ||
| 245 | _aToni morrison: beloved | ||
| 260 |
_aNew Delhi _bViva books _c2011 |
||
| 300 | _avii,223 | ||
| 650 | _aToni | ||
| 650 | _amorrisons: | ||
| 650 | _abeloved | ||
| 690 | _aEnglish Criticism | ||
| 906 | _a066805 | ||
| 999 |
_c149267 _d149267 |
||